地学で受験できる大学 - Statistics

General Stats
  • This quiz has been taken 66 times
  • The average score is 31 of 43
Answer Stats
都道府県 大学 % Correct
北海道 北海道大学
100%
東京都 東京大学
98%
宮城県 東北大学
92%
茨城県 筑波大学
92%
埼玉県 埼玉大学
92%
千葉県 千葉大学
92%
京都府 京都大学
92%
秋田県 秋田大学
90%
愛知県 名古屋大学
87%
岩手県 岩手大学
85%
茨城県 茨城大学
85%
青森県 弘前大学
84%
新潟県 新潟大学
84%
静岡県 静岡大学
84%
広島県 広島大学
84%
富山県 富山大学
82%
長野県 信州大学
82%
兵庫県 神戸大学
82%
島根県 島根大学
82%
福岡県 九州大学
82%
石川県 金沢大学
80%
愛媛県 愛媛大学
80%
高知県 高知大学
80%
熊本県 熊本大学
80%
沖縄県 琉球大学
80%
山口県 山口大学
79%
香川県 香川大学
79%
長崎県 長崎大学
79%
鹿児島県 鹿児島大学
79%
東京都 早稲田大学
67%
福岡県 福岡大学
59%
大阪府 大阪公立大学
56%
愛知県 愛知教育大学
52%
京都府 京都教育大学
49%
奈良県 奈良教育大学
49%
福岡県 福岡教育大学
49%
東京都 東京学芸大学
48%
大阪府 大阪教育大学
46%
東京都 東京都立大学
34%
東京都 日本大学
34%
岡山県 岡山理科大学
33%
埼玉県 立正大学
8%
千葉県 秀明大学
5%
No matching quizzes found
Score Distribution
Percent of People with Each Score
Percentile by Number Answered
Your Score History
You have not taken this quiz